| 000 | 00439nam a22001457a 4500 | ||
|---|---|---|---|
| 082 |
_aP-442C _cD |
||
| 100 |
_aSohaib Anwar _948247 |
||
| 245 |
_aDevelopment of optimal aspect ratios for multistorey buildings for various seismic zones of pakistan _cSohaib Anwar, Armughan Bilal |
||
| 260 |
_aRisalpur _bMCE _c2010 |
||
| 300 | _a62 | ||
| 526 |
_a0 _b0 _c0 _dP_442C |
||
| 650 | _aProject | ||
| 700 |
_aMansoor Khalid _948248 |
||
| 942 |
_2ddc _cBK |
||
| 999 |
_c551245 _d551245 |
||